| 000 | 02518nam2a22004451 4500 | ||
|---|---|---|---|
| 001 | v19\rc\2059136 | ||
| 005 | 20230613133007.0 | ||
| 035 | _a(NLR Aleph) 005147261 | ||
| 090 |
_a4864820 _c4864820 |
||
| 100 | _a20081111d1910 |||y0rusy50 ca | ||
| 101 | 1 |
_arus _crus _cmul |
|
| 102 | _aRU | ||
| 105 | _ay z |||a| | ||
| 200 | 1 | _aНа родину | |
| 210 |
_aСанкт-Петербург _cВ.А. Максимов _d[1910] |
||
| 215 | _a161-240 с. | ||
| 316 |
_aЭкз. РНБ (38.59.7.45): деф.: отсутствуют титульный лист и обложка _5NLR: 38.59.7.45 |
||
| 423 | 0 |
_11011#$arus$cpol$cpol _12001#$aБогач$aОфир _1700#1$aПрус$bБ.$f1847-1912$3RU\NLR\AUTH\7727474$gБолеслав |
|
| 423 | 0 |
_11010#$arus _12001#$aПесня рабочего$aСкиталец$aЗа тюремной стеной _1700#1$aБлагов$bА. |
|
| 423 | 0 |
_11011#$arus$cita _12001#$aНаходчивость школьной учительницы _1700#1$aБертолацци$bК. |
|
| 423 | 0 |
_11010#$arus _12001#$aСтихотворения _1700#1$aСуслов$bА. |
|
| 423 | 0 |
_11010#$arus _12001#$aТак иногда люди женятся _1700#1$aГребенка$bЕ. |
|
| 423 | 0 |
_11011#$arus$cger _12001#$aМуж и жена _1700#1$aЛименкрон$bД. |
|
| 423 | 0 |
_11010#$arus _12001#$aВ сельской школе _1700#1$aОльшанский$bМ. |
|
| 423 | 0 |
_11010#$arus _12001#$aВор _1700#1$aВейнберг$bП. |
|
| 423 | 0 |
_11011#$arus$cfre _12001#$aЗаколдованная мельница _1700#1$aБазэн$bР. |
|
| 423 | 0 |
_11010#$arus _12001#$aЖанровая картина _1700#1$aПазухин |
|
| 423 | 0 |
_11011#$arus$cfre _12001#$aДедушка Милон _1700#1$aМопассан$bГ. де$gГюи де |
|
| 423 | 0 |
_11011#$arus$cger _12001#$aИерей _1700#1$aРозенгейм$bМ. |
|
| 423 | 0 |
_11011#$arus$cfre _12001#$aСлепой _1700#1$aРебу$bП.$f1877-$gПоль |
|
| 461 | 0 |
_1001v19\rc\2059132 _12001#$aКнижка-копейка$eуниверсальная хрестоматия$fиздание В. Максимова$vВып. 21-30 |
|
| 700 | 1 |
_6z01790 _aГусев-Оренбургский _bС. И. _f1867-1963 _gСергей Иванович |
|
| 790 | 1 |
_6z01700 _aОренбургский _bС. И. _f1867-1963 _gСергей Иванович |
|
| 801 | 0 |
_aRU _bNLR _gpsbo |
|
| 801 | 1 |
_aRU _bProSoft-M _2rusmarc |
|
| 852 |
_aNLR _j38.59.7.45 |
||
| 852 |
_aNLR _j20.45.9.73 |
||
| 942 | _cBOOK | ||
| 980 | _aNB | ||